000 00287nam a22001217a 4500
008 181023b xxu||||| |||| 00| 0 eng d
041 _aeng
080 _24 ED
_a510
100 _a39
101 _aMAT
245 _aElementary And Intermediate Algebrs
_cJohnson.E.B
942 _2udc
_cBK
999 _c50687
_d50687